Long-run relations in a small open economy of the Czech Republic and the Slovak Republic
Malá otvorená ekonomika je vysoko závislá od zahraničného prostredia. Pohľad na rovnovážne vzťahy medzi malou otvorenou ekonomikou a jej zahraničnými obchodnými partnermi. Predmetom skúmania bolo päť dlhodobých rovnovážnych vzťahov: relatívna parita kúpnej sily, nekrytá parita úrokových mier, Fishe...
Salvato in:
| Autore principale: | |
|---|---|
| Altri autori: | , |
| Natura: | Capitolo di libro |
| Lingua: | inglese |
| Soggetti: | |
| Tags: |
Nessun Tag, puoi essere il primo ad aggiungerne!!
|
MARC
| LEADER | 00000naa a2200000 4500 | ||
|---|---|---|---|
| 001 | 0234395 | ||
| 005 | 20220805075518.3 | ||
| 041 | 0 | |a eng | |
| 044 | |a SK | ||
| 245 | 1 | 0 | |a Long-run relations in a small open economy of the Czech Republic and the Slovak Republic |c Jana Hančlová, Jana Juriová, Jana Závacká |
| 520 | |a Malá otvorená ekonomika je vysoko závislá od zahraničného prostredia. Pohľad na rovnovážne vzťahy medzi malou otvorenou ekonomikou a jej zahraničnými obchodnými partnermi. Predmetom skúmania bolo päť dlhodobých rovnovážnych vzťahov: relatívna parita kúpnej sily, nekrytá parita úrokových mier, Fisherova inflačná parita, rovnováha na trhu peňazí a produkčný vzťah. | ||
| 610 | 2 | 0 | |a vzťahy hospodárske medzinárodné |
| 610 | 2 | 0 | |a Slovensko |
| 610 | 2 | 0 | |a Česko |
| 610 | 2 | 0 | |a hospodárstvo otvorené |
| 100 | 1 | |a Hančlová, Jana | |
| 700 | 1 | |a Juriová, Jana | |
| 700 | 1 | |a Závacká, Jana | |